00729nam a2200241 a 4500001001300000003000900013005001700022008004100039020001000080082001300090100002500103245006000128260005500188300000900243500003500252505001000287650002200297700002500319902000800344942000700352952011300359999001500472nice12345678IN_TiNIC20260116011847.0050524s1967 bana grp 000 0 eng  ac10000a227bTHR aThrockmorton, Burton aGospel Parallelsb Synopsis of the First Three Gospels. aBangalorebTheological Publications in Indiac1967 a190p aincludes index and biblioraphy2 aIndex aBible N.T. Gospel1 aThrockmorton, Burton bSRS cBK 001040708StackRoom-aHMIbHMId2007-06-20g100.00l0o227 THRp08005r2007-06-20v100.00w2005-05-24yBK c4516d4516